Dzielnice i osiedla Pszowa - Statystyki

Ogólne statystyki
  • Ten quiz został rozwiązany 18 razy
  • Średni wynik to 6 z 10
Statystyki odpowiedzi
Hint Odpowiedź % Poprawnych
Osiedle Józefa Tytki
91%
Dzielnica Krzyżkowice
91%
Osiedle Tadeusza Kościuszki
82%
Część Kalwaria
73%
Część Pszowskie Doły
73%
Osiedle Alojzego Biernackiego
64%
Część Wrzosy
55%
Osiedle Grunwaldzkie
45%
Część Stara maszyna
45%
Część Kozłowina
9%
Nie znaleziono quizów pasujących do podanych kryteriów
Rozkład punktacji
Procent ludzi z każdym wynikiem
Percentyl według liczby udzielonych odpowiedzi
Twoja historia wyników
Nie rozwiązałeś tego quizu